Logo BPK

Biblioteka

Politechniki Koszalińskiej

Skarga pauliańska : (Rekord nr 40424)

Szczegóły MARC
000 -ETYKIETA REKORDU
podpole kontrolne o stałej długości 00809nam a2200253 i 4500
001 - NUMER KONTROLNY REKORDU
pole kontrolne bg
020 ## - MIĘDZYNARODOWY ZNORMALIZOWANY NUMER KSIĄŻKI - ISBN
ISBN 8372471711
040 ## - ŹRÓDŁO KATALOGOWANIA
Instytucja, która utworzyła rekord BPK
041 0# - KOD JĘZYKA
Kod języka tekstu pl
080 ## - UNIWERSALNA KLASYFIKACJA DZIESIĘTNA - UKD
UKD 347.4/.5(438)
920 ## - Międzynarodowy znormalizowany numer książki – ISBN
ISBN 83-7247-171-1
008 - POLE O STAŁEJ DŁUGOŚCI - DANE KONTROLNE
podpole kontrolne o stałej długości s pl f |000 0 pol
100 1# - NAZWA OSOBOWA
Nazwa osobowa JASIŃSKA, Maria
245 10 - TYTUŁ/ODPOWIEDZIALNOŚĆ
Tytuł Skarga pauliańska :
Ciąg dalszy tytułu ochrona wierzyciela w razie niewypłacalności dłużnika Art. /
Pozostałe elementy strefy tytułu i oznaczenia odpowiedzialności Maria Jasińska
Oznaczenie części/sekcji dzieła 27-534 KC,
Tytuł części/sekcji dzieła komentarz.
250 ## - STREFA WYDANIA
Oznaczenie wydania Stan prawny na dzień 1 września 2001.
260 ## - STREFA ADRESU WYDAWNICZEGO
Miejsce wydania Warszawa :
Nazwa wydawcy/dystrybutora C.H. Beck,
Data publikacji, dystrybucji/powstania dokumentu 2002.
300 ## - STREFA OPISU FIZYCZNEGO
Objętość 128 s. ;
Rozmiary 20 cm.
490 1# - STREFA SERII I DOKUMENTU WIELOCZĘŚCIOWEGO - FORMA NIE DO WYSZUKIWANIA
Tytuł i oznaczenie odpowiedzialności serii Krótkie Komentarze Becka
504 ## - UWAGA DOTYCZĄCA BIBLIOGRAFII
Informacje o bibliografii Bibliogr.
650 #9 - HASŁO PRZEDMIOTOWE W FORMIE NAZWY OGÓLNEJ LUB JEDNOSTKOWEJ
Nazwa ogólna lub geograficzna Prawo cywilne
Określnik geograficzny Polska
Określnik chronologiczny stan na 2001 r.
650 #9 - HASŁO PRZEDMIOTOWE W FORMIE NAZWY OGÓLNEJ LUB JEDNOSTKOWEJ
Nazwa ogólna lub geograficzna Wierzytelność
Określnik ogólny prawo
Określnik geograficzny Polska
Określnik chronologiczny stan na 2001 r.
830 ## - HASŁO DODATKOWE SERII LUB DOKUMENTU WIELOCZĘŚCIOWEGO - TYTUŁ UJEDNOLICONY
Tytuł ujednolicony Krótkie Komentarze Becka
856 ## - LOKALIZACJA I DOSTĘP DO ELEKTRONICZNYCH DOKUMENTÓW ZDALNYCH
Link (URL) http://koha.tu.koszalin.pl/cgi-bin/koha/opac-detail.pl?biblionumber=40424
Tekst linku Katalog online BPK
942 ## - DODATKOWE ELEMENTY (KOHA)
Typ dokumentu Książka
Egzemplarze
Wycofany Status egzemplarza Uszkodzony Dostępność Lokalizacja stała Lokalizacja bieżąca Miejsce przechowywania Sygnatura Kod kreskowy Typ dokumentu
      Dostępny Biblioteka Politechniki Koszalińskiej Biblioteka Politechniki Koszalińskiej Wypożyczalnia BG 61179 01635843 Książka
© 2023 Biblioteka Politechniki Koszalińskiej :: KOHA